| 000 | 00521nam a2200181 a 4500 | ||
|---|---|---|---|
| 005 | 20220916063526.0 | ||
| 008 | 991125s1965 ag 000 0 spa u | ||
| 035 | _aUPN01000050877 | ||
| 049 | _aI | ||
| 050 | 4 |
_aPZ8.1 _bG8.78 |
|
| 100 | 1 | _aGuillot, René | |
| 245 | 1 | 0 |
_aRed Kid de Arizona / _cRené Guillot ; tr. de María Celia Eguibar. |
| 260 |
_aBuenos Aires : _bKapelusz, _c1965. |
||
| 300 |
_a190 p. : _bil. col. |
||
| 440 | 0 | _aIridium | |
| 650 | 7 |
_aLiteratura infantil estadounidense _2 _99173 |
|
| 905 | _aInfantil | ||
| 999 |
_c50877 _d50877 |
||